000 006600000a22001930004500
090 _aAR
_b00771
100 1 _aMartínez, Armando Luis
_971526
700 1 _aVargas Fernández, Isabel
_912043
700 1 _aLlorente Bousquets, Jorge E.
_912040
245 1 0 _aSíntesis de los Papilionoidea (<Lepidoptera: Rhopalocera>) del estado de Veracruz
650 1 4 _aMariposas
_993025
650 1 4 _aBiología de la especie
_993163
650 1 4 _aDistribución geográfica
_992997
651 4 _dVeracruz
_pMéxico
_992749
653 _fPapilionoidea
_gLepidoptera
041 0 _aInglés
942 _cARTICULO
773 1 _tFolia Entomológica Mexicana
_3290
_h93
_q91-133
_d1995
_g93
999 _c9862
_d9862